1659 1647 1841 1269 1434 1791 1573 1437 1514 1323 1396 1709 1071 1633 1154 1952 1971 1445 1701 1478 1107 1103 1402 1538 1391 1902 1168 1382 1451 1406 1027 1419 1958 1810 1578 1794 1556 1366 1438 1874 1766 1617 1385 1174 1012 1442 1939 1038 1724 1554 1134 1988 1245 1648 1258 1512 1296 1959 1126 1518 1714 1179 1820 1549 1065 1847 1451 1891 1187 1379 1060 1469 1018 1038 1561 1284 1516 1929 1682 1881 1580 1949 1561 1727 1378 1193 1996 1796 1090 1159 1390 1927 1908 1242 1332 1338 1849 1943 1126 BCNSPRNW ULIB Ver.6.0+V

เปลี่ยนเป็นภาษาไทย

Change to English
 แสดงรายละเอียดบรรณานุกรม
  กลับหน้าหลัก

Brief Record : Get Marc (ISO 2709) : E-mail record : QR code < ปิดหน้าต่าง
LEADER : 00000nam a2200000Ia 4500
001    13399114153
003     ULIB
008    110906s2554 th a 000 0 tha d
020    ^a9789741114177
040    ^absi
060 04 ^aWG205^bป476ภ
245 00 ^aภาวะฉุกเฉินระบบหัวใจและหลอดเลือด =^bCardiac emergencies /^cประดิษฐ์ ปัญจวีณิน,บรรณาธิการ
246 31 ^aCardiac emergencies
250    ^aพิมพ์ครั้งที่ 1
260    ^aกรุงเทพฯ :^bสาขาวิชาหทัยวิทยา ภาควิชาอายุรศาสตร์ และศูนย์โรคหัวใจสมเด็จพระบรมราชินีนาถ,^c2554
300    ^a347 หน้า :^bภาพประกอบ ;^c21 ซม.
650  7 ^aหัวใจ, ศัลยกรรม
650  7 ^aภาวะฉุกเฉิน
653    ^aผลงานอาจารย์คณะแพทยศาสตร์ศิริราชพยาบาล
700 0  ^aประดิษฐ์ ปัญจวีณิน,^eบรรณาธิการ
700 0  ^aรุ่งโรจน์ กฤตยพงษ์,^eบรรณาธิการ
700 0  ^aเรวัตร พันธุ์กิ่งทองคำ,^eบรรณาธิการ
710 2  ^aมหาวิทยาลัยมหิดล. ^bคณะแพทยศาสตร์ศิริราชพยาบาล.
710 2  ^aมหาวิทยาลัยมหิดล. ^bคณะแพทยศาสตร์ศิริราชพยาบาล.
945    ^p275^l0^i031148
945    ^p275^l0^i031149
945    ^p275^l0^i031150
945    ^p275^l0^i032306
945    ^p275^l0^i032307
995    ^aทศพร
999 ^a ทศพร
รายการนี้ยังไม่มีแท็ก
คุณยังไม่ได้ล็อกอิน คุณสามารถมีกิจกรรมร่วมกับเว็บไซต์ได้ แต่ต้องล็อกอินก่อน ::
  ล็อกอิน

รายการสื่อสารสนเทศ

ลำดับที่ ประเภท เลขเรียก/บาร์โค้ด สถานที่ สถานะ
1. วิทยาศาสตร์การแพทย์ และสุขภาพ
หนังสือสำรอง
สถานะ=หนังสือสำรอง
WG205 ป476ภ ฉ.1 
  Barcode: 031148
ห้องสมุดวิทยาเขตสวรรค์ประชารักษ์
►ส่วนจัดเก็บหนังสือเก่า สปร
บนชั้น
  ขอยืม
2. วิทยาศาสตร์การแพทย์ และสุขภาพ
วิทยาศาสตร์การแพทย์ และสุขภาพ
WG205 ป476ภ ฉ.2 
  Barcode: 031149
ห้องสมุดวิทยาเขตสวรรค์ประชารักษ์
►ส่วนจัดเก็บหนังสือเก่า สปร
บนชั้น
  ขอยืม
3. วิทยาศาสตร์การแพทย์ และสุขภาพ
วิทยาศาสตร์การแพทย์ และสุขภาพ
WG205 ป476ภ ฉ.3 
  Barcode: 031150
ห้องสมุดวิทยาเขตสวรรค์ประชารักษ์
►ส่วนจัดเก็บหนังสือเก่า สปร
บนชั้น
  ขอยืม
4. วิทยาศาสตร์การแพทย์ และสุขภาพ
วิทยาศาสตร์การแพทย์ และสุขภาพ
WG205 ป476ภ ฉ.4 
  Barcode: 032306
ห้องสมุดวิทยาเขตสวรรค์ประชารักษ์
►ส่วนจัดเก็บหนังสือเก่า สปร
บนชั้น
  ขอยืม
5. วิทยาศาสตร์การแพทย์ และสุขภาพ
วิทยาศาสตร์การแพทย์ และสุขภาพ
WG205 ป476ภ ฉ.5 
  Barcode: 032307
ห้องสมุดวิทยาเขตสวรรค์ประชารักษ์
►ส่วนจัดเก็บหนังสือเก่า สปร
บนชั้น
  ขอยืม

รายการใกล้เคียง
    หัวเรื่อง [หัวใจ, ศัลยกรรม]
    หัวเรื่อง [ภาวะฉุกเฉิน]

BibComment


ยังไม่เคยถูกคอมเมนท์

คอมเมนท์ทรัพยากรรายการนี้
  คอมเมนท์: ภาวะฉุกเฉินระบบห..


 Copyright 2026. Bcnsprnw @Library